Cultivos herbáceos extensivos

Kaydedildi:
Detaylı Bibliyografya
Yazar: Guerrero García, Andrés (Yazar)
Materyal Türü: Kitap
Dil:İspanyolca
Baskı/Yayın Bilgisi: Bilbao Mundi-Prensa 1999
Edisyon:6a. ed
Konular:
Etiketler: Etiketle
Etiket eklenmemiş, İlk siz ekleyin!

MARC

LEADER 00000nam a2200000 a 4500
001 UCK4644
003 CL-VaPUC
008 050617e19990000SP |||||||||||||||||spa|d
020 |a 8471147971 
082 0 4 |a 633  |b GUE  |2 21 
100 |a Guerrero García, Andrés  |e author  |9 301608 
245 1 0 |a Cultivos herbáceos extensivos 
250 |a 6a. ed 
300 |a 831 p 
942 |c BK 
945 |d 20050617 00:00:00  |a cmena 
260 |a Bilbao  |b Mundi-Prensa  |c 1999 
650 0 |a Agricultura  |9 255598 
650 0 |a Trigo  |9 329002 
650 7 |a CEBADA  |2 CL-VaPUC  |9 366689 
650 7 |a AVENA  |2 CL-VaPUC  |9 366690 
650 7 |a CENTENO  |2 CL-VaPUC  |9 366688 
650 7 |a TRITICALE  |2 CL-VaPUC  |9 264677 
650 0 |a Alpiste  |x Planta   |9 405817 
650 0 |a Maíz  |9 264672 
650 7 |a SORGO  |2 CL-VaPUC  |9 403028 
650 0 |a Arroz   |9 364842 
650 7 |a REMOLACHA  |2 CL-VaPUC  |9 403025 
650 7 |a CAÑA DE AZUCAR  |2 CL-VaPUC  |9 403484 
650 0 |a Tabaco  |9 343563 
650 0 |a Algodón   |9 359082 
650 7 |a GIRASOL  |2 CL-VaPUC  |9 417788 
650 7 |a SOJA  |2 CL-VaPUC  |9 362179 
650 7 |a GUISANTES  |2 CL-VaPUC  |9 493223 
650 7 |a CULTIVOS FORRAJEROS  |2 CL-VaPUC  |9 372485 
583 |a last modification  |c 20050617 00:00:00  |k Rodrigo Vera 
999 |c 313464  |d 313462 
952 |0 0  |1 0  |4 0  |6 633_000000000000000_GUE_1999  |7 0  |8 A  |9 384829  |a BIBAGR  |b BIBAGR  |d 2019-11-22  |i 4139291  |o 633 GUE 1999  |p 4139291  |r 2025-01-20  |w 2019-11-22  |y BK  |k AGR